Представление документа в формате RUSMARC

ПолеНазваниеЗначение
  Тип записи a
  Библиографический уровень m
001 Контрольный номер RU/IS/BASE/250257087
005 Дата корректировки 20201206204541.5
010 Индекс ISBN __
d Цена 1-35
101 Язык документа 0_
a Язык текста rus
c Язык оригинала rus
200 Заглавие и сведения об ответственности 1_
a Заглавие Ономастикон
e Сведения, относящиеся к заглавию древнерус. имена, прозвища и фамилии : [для ст. шк. возраста]
f Первые сведения об ответственности С. Б. Веселовский ; предисл. В. И. Буганова
b Общее обозначение материала Текст
210 Выходные данные __
a Место издания М.
c Издательство Наука
d Дата издания 1974
215 Физическое описание __
a Объем 382 с.
330 Аннотация __
a Аннотация Книга представляет собой справочник по именам, прозвищам и фамилиям Северо-Восочной Руси XV - XVII вв.
606 Тематические рубрики __
a Основная рубрика Языкознание
606 Тематические рубрики __
a Основная рубрика Языки мира в целом
610 Ключевые слова __
a Ключевые слова ономастика; ономастикон; имена; древнерусские имена; прозвища; древнерусские фамилии; русский язык; история русского языка
686 Индексы других классификаций __
a Классификационный индекс ст81.2-3
700 Автор _1
a Фамилия Веселовский
b Имя С. Б.
4 Код отношения 070
702 Вторичная интеллектуальная ответственность _1
a Фамилия Буганов
b Имя В. И.
4 Код отношения Автор предисловия и т.д.
4 Код отношения 080
801 Источник записи _0
a Страна RU
b Организация Муниципальное бюджетное учреждение культуры "Централизованная библиотечная система" г. Сургут (Центральная городская библиотека им. А. С. Пушкина)
g Правила каталогизации ЦДБ/Кундохова
801 Источник записи _1
a Страна RU
b Организация Муниципальное бюджетное учреждение культуры "Централизованная библиотечная система" г. Сургут (Центральная городская библиотека им. А. С. Пушкина)
g Правила каталогизации ЦДБ/Кундохова
852 Данные о местонахождении __
j Шифр хранения ст81.2-3
c Каталожный индекс ст81.2-3
i Авторский знак В 38
p Инвентарный номер 12311(д)
901 Тип документа __
t Тип документа m
903 Характеристики (МАРС) __
a Дата передачи 20071206
990 Данные о заказе (DOS) __
j Количество экземпляров (DOS) 1
t N записи в КСУ для И/У (DOS) ретр